| 000 | 01333cam a22002177i 4500 | ||
|---|---|---|---|
| 999 |
_c7521 _d7521 |
||
| 020 | _a9966011765 | ||
| 020 | _a9789966011763 | ||
| 020 | _a9789966011572 | ||
| 050 | 0 | 0 |
_aPN2969 _b.Af8 |
| 100 | _aKebaya Charles(ed.) | ||
| 245 | 0 | 0 |
_aAfrican drama & theatre : _ba criticism / _cedited by: Charles Kebaya and John Mugubi. |
| 260 |
_aNairobi, Kenya _bFocus Publishers Ltd _c2012 |
||
| 300 |
_a171 pages ; _c21 cm |
||
| 500 | _aIncludes Index | ||
| 505 | _a1. The Concept and Nature of Drama and Theatre in Traditional African Societies. Eric Martim 2. African Aesthetics in Traditional African Drama and Theatre. Mboya Kival and Wasambo Were 3. Traditional African Theatre Forms: A Case of West Africa. Amadi Kwaa Asiaya 4. Re-appropriation of the African Aesthetic in Contemporary African Drama 5. Socio-cultural and Political Issues in African Theatre 6. The Kenyan Theatre: Its Growth and Development 7. Theatre for Development in East Africa: Challenges and the Way forward 8. A Critical analysis of Form of Irony in Ruganda's The Flood 9. An Exploration of Minimalism in Athol Fugard's Dramas List of References Notes on Contributions Index | ||
| 650 | 0 |
_aAfrican drama _xHistory and criticism. |
|
| 650 | 0 | _aRuganda, John, -- 1942 | |
| 650 | 0 | _aFugard, Athol, -- 1932- | |
| 700 | 1 | _aMugubi, John, | |
| 942 | _cBK | ||